[Event "Ros Miro mem corr"]
[Site "Spain"]
[Date "2004.04.15"]
[Round "?"]
[White "Borowiec, Andrzej"]
[Black "Krivonosovs, Valerijs V"]
[Result "1/2-1/2"]
[WhiteElo "2539"]
[BlackElo "2437"]
[PlyCount "182"]
[EventDate "2004.04.15"]
[EventType "tourn (corr)"]
[EventRounds "14"]
[EventCountry "ESP"]
[EventCategory "7"]
[SourceTitle "Corr 2008"]
[Source "ChessBase"]
[SourceDate "2008.06.24"]
[SourceVersion "1"]
[SourceVersionDate "2008.06.24"]
[SourceQuality "1"]

1. e4 e5 2. Nf3 Nc6 3. d4 exd4 4. Nxd4 Bc5 5. Nxc6 Qf6 6. Qd2 bxc6 7. Bd3 Ne7 8. 0-0 Ng6 9. Kh1 Ne5 10. Be2 d6 11. Nc3 Qh4 12. f4 Ng4 13. Bxg4 Qxg4 14. f5 0-0 15. Qd3 Re8 16. Rf4 Qg5 17. Na4 Bb6 18. Nxb6 axb6 19. Bd2 Bb7 20. a3 c5 21. Re1 Bc6 22. Qe2 Ra4 23. c4 Qe7 24. Bc1 f6 25. Rh4 Qf7 26. b3 Raa8 27. Qd3 Kh8 28. Rf1 Re7 29. Rff4 Rae8 30. Bd2 Ra8 31. a4 Rae8 32. Kg1 Bb7 33. Qf3 Bc6 34. Rfg4 Qg8 35. Kf2 Qf8 36. Qh3 Qg8 37. Qd3 Qf8 38. Kf1 Bb7 39. Bc3 Qg8 40. Kg1 Rf8 41. Qf3 Bc6 42. Kf2 Rff7 43. Rh3 Rf8 44. Rh5 Be8 45. Rh6 gxh6 46. Rxg8+ Kxg8 47. Qg3+ Rg7 48. Qf4 Bc6 49. g3 Rgf7 50. h3 Kg7 51. Qg4+ Kh8 52. Qh4 Kg8 53. Bb2 Kg7 54. Bc1 Re8 55. Qxh6+ Kg8 56. Bb2 Bxe4 57. g4 Bc2 58. Bxf6 Bxb3 59. g5 Re5 60. Bxe5 Rxf5+ 61. Kg2 Rxe5 62. Qf6 Bxc4 63. Qd8+ Kf7 64. Qxc7+ Ke6 65. h4 Bd3 66. Qxb6 c4 67. Qb4 Rc5 68. Qc3 Kd7 69. a5 Kc6 70. Kf2 Rf5+ 71. Ke1 Kb5 72. Qd4 Kxa5 73. Qxd6 Ka4 74. Kd2 Rf2+ 75. Kc3 Rc2+ 76. Kd4 Rd2 77. Qb6 Rd1 78. h5 Ka3 79. Kc5 Rg1 80. g6 hxg6 81. h6 g5 82. h7 Bxh7 83. Qa7+ Kb2 84. Qb7+ Ka2 85. Qxh7 Rc1 86. Qg8 Kb2 87. Qxg5 Rc2 88. Qf5 Kc1 89. Qf8 Kb2 90. Qf4 Kb1 91. Qe4 Kb2 1/2-1/2